| 000 | 00669cam a22002531 4500 | ||
|---|---|---|---|
| 001 | 20693 | ||
| 003 | BD-RjUL | ||
| 005 | 20211209000610.0 | ||
| 008 | 140302s1951 xx 001 0aeng | ||
| 035 | _a(BD-RjUL)20755 | ||
| 035 | _a(OCoLC)1671651 | ||
| 040 |
_aDLC _cGU _dUk _dDLC _dBD-RjUL _beng |
||
| 041 | _aeng | ||
| 082 |
_a828 _bGRB |
||
| 100 | 1 |
_aGraves, Charles, _d1899- _963859 |
|
| 245 | 1 | 4 |
_aThe bad old days / _cCharles Graves |
| 260 |
_aLondon : _bFaber and Faber, _c1951. |
||
| 300 |
_a227 p. ; _c22 cm. |
||
| 600 | 1 | 0 |
_aGraves, Charles, _d1899- _963867 |
| 650 |
_aDrama _963861 |
||
| 942 |
_2ddc _cBK |
||
| 999 |
_c20693 _d20693 |
||